| 000 | 00592nmc a2200241 a 4500 | ||
|---|---|---|---|
| 003 | AR-X00000XY | ||
| 005 | 20251128211923.0 | ||
| 008 | 137020s2000 ||||||||||||||000 | spa|| | ||
| 020 | _a987-9334-50-7 | ||
| 040 | _cAR-X00000XY | ||
| 100 | 1 | _aBirmajer, Marcelo | |
| 245 | 1 | 0 | _aNo tan distintos |
| 250 | _a1ยช ed. | ||
| 260 |
_aBuenos Aires _bGrupo Editorial Norma _c2000 |
||
| 300 | 0 | _a120 p. | |
| 490 | 0 | _aLa otra orilla | |
| 650 | 4 | _aLITERATURA ARGENTINA | |
| 650 | 4 | _aNOVELAS | |
| 650 | 4 | _aLITERATURA CONTEMPORANEA | |
| 655 | _aLITERATURA | ||
| 942 | _cBK | ||
| 998 | _cNancy | ||
| 999 |
_c21628 _d21628 |
||